Understanding leadership : (Record no. 6581)

MARC details
000 -LEADER
fixed length control field 01695cam a2200253 4500
001 - CONTROL NUMBER
control field 7675
005 - DATE AND TIME OF LATEST TRANSACTION
control field 20181127184120.0
008 - FIXED-LENGTH DATA ELEMENTS--GENERAL INFORMATION
fixed length control field 030701s2004 enka b 001 0 eng
020 ## - INTERNATIONAL STANDARD BOOK NUMBER
International Standard Book Number 0761942882 (hbk.)
International Standard Book Number 0761942890 (pbk.)
082 04 - DEWEY DECIMAL CLASSIFICATION NUMBER
Classification number 658.4092
Edition number 21
100 1# - MAIN ENTRY--PERSONAL NAME
Personal name Avery, Gayle,
Dates associated with a name 1947-
245 10 - TITLE STATEMENT
Title Understanding leadership :
Remainder of title paradigms and cases /
Statement of responsibility, etc. Gayle C. Avery ; with cases contributed by Andrew Bell, Martin Hilb, and Anne E. Witte.
260 ## - PUBLICATION, DISTRIBUTION, ETC.
Place of publication, distribution, etc. London ;
-- Thousand Oaks, Calif. :
Name of publisher, distributor, etc. SAGE,
Date of publication, distribution, etc. 2004.
300 ## - PHYSICAL DESCRIPTION
Extent x, 316 p. :
Other physical details ill. ;
Dimensions 25 cm.
504 ## - BIBLIOGRAPHY, ETC. NOTE
Bibliography, etc. note Includes bibliographical references (p. [295]-309) and index.
505 ## - FORMATTED CONTENTS NOTE
Formatted contents note PART ONE: UNDERSTANDING LEADERSHIPThe Leadership SceneLeadership ParadigmsCharacteristics of Leadership ParadigmsMicro-Level Leadership TheoriesEmotion in LeadershipMacro-Level LeadershipIntegrating Theories and ParadigmsPART TWO: CASESBMW Sheer Driving PleasureW L Gore & Associates Natural LeadershipNovartis People ChemistryRoyal Australian Navy Commanding New LeadershipSAP Leader of the Internet PackBonduelle Leadership, French StyleEkato R[um]hr - und Mischtechnik GmbH Mixing People and InnovationSchering-Plough Mentoring PresidentsSwatch Leading through EmotionRodenstock Working with Vision
Miscellaneous information
Statement of responsibility
Title
520 ## - SUMMARY, ETC.
Summary, etc. Are current concepts of leadership appropriate for today's organizations? In Part One, Gayle C Avery integrates a fragmented field into four broad paradigms or forms of leadership, helping to simplify and clarify the ill-defined field of leadership.
650 #0 - SUBJECT ADDED ENTRY--TOPICAL TERM
Topical term or geographic name entry element Leadership.
700 1# - ADDED ENTRY--PERSONAL NAME
Personal name Bell, Andrew.
Personal name Hilb, Martin.
Personal name Witte, Anne E.
Holdings
Withdrawn status Lost status Source of classification or shelving scheme Damaged status Not for loan Collection code Home library Current library Shelving location Serial Enumeration / chronology Inventory number Total Checkouts Full call number Barcode Date last seen Date last checked out Price effective from Koha item type
    Dewey Decimal Classification     Main TEST RTC Library RTC Library Main opac 11628 2 658 AVE 30012629 03/03/2020 20/02/2020 27/11/2018 Main
Royal Thimphu College || All Right Reserved